LEADER 00890nam0-2200313---450- 001 990009469380403321 005 20111103084030.0 010 $a978-88-17-02010-7 035 $a000946938 035 $aFED01000946938 035 $a(Aleph)000946938FED01 035 $a000946938 100 $a20111028d2008----km-y0itay50------ba 101 0 $aita 102 $aIT 105 $ay-------001yy 200 1 $aTerroristi italiani$ele Brigate Rosse e la guerra totale 1970-2008$fLuigi Manconi 210 $aMilano$cRizzoli$d2008 215 $a361 p.$d23 cm 610 0 $aBrigate rosse$aTerrorismo$aItalia$a1970-2008 676 $a322.420945$v21$zita 700 1$aManconi,$bLuigi$0143779 801 0$aIT$bUNINA$gREICAT$2UNIMARC 901 $aBK 912 $a990009469380403321 952 $aIX E 231$b44465$fFSPBC 959 $aFSPBC 996 $aTerroristi italiani$9853171 997 $aUNINA LEADER 01962nam 2200397 n 450 001 996392515603316 005 20200824121425.0 035 $a(CKB)4940000000103694 035 $a(EEBO)2240854482 035 $a(UnM)99848009e 035 $a(UnM)99848009 035 $a(EXLCZ)994940000000103694 100 $a19911218d1587 uy | 101 0 $aeng 135 $aurbn||||a|bb| 200 04$aThe copie of a letter vvritten by M. Doctor Allen: concerning the yeelding vp of the citie of Dauentrie$b[electronic resource] $evnto his Catholike Maiestie, by Sir VVilliam Stanley knight. VVherin is shevved both hovve lavvful, honorable and necessarie that action vvas; and also that al others, especiallie those of the English nation that detayne anie tovvnes, or other places, in the lovve countries from the King Catholike are bound, vpon paine of damnation, to do the like. Before vvhich is also prefixed a gentlemans letter, that gaue occasion, of this discourse 210 $aImprinted at Antuarpe $cBy Ioachim Trognćsius$dAnno 1587 215 $a30 p 300 $aThe "gentlemans letter" is signed R.A., i.e. Roger Ashton?--STC. 300 $aAnswered by "A briefe discouerie of doctor Allens seditious drifts" (STC 6166). 300 $aRunning title reads: A letter concerning the rendering of Daventrie. 300 $aImperfect; lacks the "gentlemans letter" (A2?). 300 $aReproduction of the original in the British Library. 330 $aeebo-0018 607 $aDeventer, Surrender of, 1587$vEarly works to 1800 700 $aAllen$b William$f1532-1594.$01000878 701 $aR. A$ffl. 1587.$01014047 702 $aAshton$b Roger$fd. 1591, 801 0$bCu-RivES 801 1$bCu-RivES 801 2$bCStRLIN 801 2$bWaOLN 906 $aBOOK 912 $a996392515603316 996 $aThe copie of a letter vvritten by M. Doctor Allen: concerning the yeelding vp of the citie of Dauentrie$92361181 997 $aUNISA LEADER 02161cam0-22004811i-450 001 990001716020403321 005 20260210113100.0 035 $a000171602 035 $aFED01000171602 035 $a(Aleph)000171602FED01 035 $a000171602 100 $a20030910g18801894km-y0itay50------ba 101 0 $afre 102 $aFR 105 $aa-------001yy 200 1 $aTraité de chimie générale$ecomprenant les principales applications de la chimie aux sciences biologiques et aux arts industriels$fpar Paul Schützenberger 210 $aParis$cHachette$d1880-1894 215 $a7 v.$cill.$d25 cm 307 $a1.: XII, 735 p. : ill. ; 2.: 626 p. : ill. ; 3.: 420 p. ; 4.: 556 p. : ill. ; 5.: 653 p. : ill. ; 6.: 610 p. ; 7.: 736 p. 610 0 $aChimica applicata 676 $a660$v23$zita 700 1$aSchützenberger,$bPaul$00 801 0$aIT$bUNINA$gRICA$2UNIMARC 856 4 $zVisualizza la versione elettronica in SUDOC$uhttps://lillonum.univ-lille.fr/s/lillonum/ark:/72505/bPB3mf$e20251104 856 4 $zVisualizza la versione elettronica in SUDOC$uhttps://lillonum.univ-lille.fr/s/lillonum/ark:/72505/b2vpiY$e20251104 856 4 $zVisualizza la versione elettronica in SUDOC$uhttps://lillonum.univ-lille.fr/s/lillonum/ark:/72505/bWSysG$e20251104 856 4 $zVisualizza la versione elettronica in SUDOC$uhttps://lillonum.univ-lille.fr/s/lillonum/ark:/72505/br1u6v$e20251104 856 4 $zVisualizza la versione elettronica in SUDOC$uhttps://lillonum.univ-lille.fr/s/lillonum/ark:/72505/bKBfPN$e20251104 856 4 $zVisualizza la versione elettronica in SUDOC$uhttps://lillonum.univ-lille.fr/s/lillonum/ark:/72505/bbFbBK$e20251104 901 $aBK 912 $a990001716020403321 952 $a60 660 B 7$b1296/97$fFAGBC 952 $aM 2 V 38 (1$b25822$fNAP14 952 $aM 2 V 38 (2$b25822$fNAP14 952 $aM 2 V 38 (3$b25822$fNAP14 952 $aM 2 V 38 (4$b25822$fNAP14 952 $aM 2 V 38 (5$b25822$fNAP14 952 $aM 2 V 38 (6$b25822$fNAP14 952 $aM 2 V 38 (7$b25822$fNAP14 959 $aFAGBC 959 $aNAP14 996 $aTraité de chimie générale$94451743 997 $aUNINA